| 000 | 02148nam a22003017a 4500 | ||
|---|---|---|---|
| 005 | 20250729105043.0 | ||
| 008 | 221124b ||||| |||| 00| 0 eng d | ||
| 020 | _a9781260011449 | ||
| 040 | _cAL | ||
| 041 | _aeng | ||
| 082 |
_223 _a512.5 _bLIPS |
||
| 100 |
_aSeymour Lipschutz _9220614 |
||
| 100 |
_dMarc Lars Lipson _963596 |
||
| 245 | _aSchaums outlines linear algebra | ||
| 250 | _a6 | ||
| 260 |
_aNew York _bMcGraw Hill Education _c2018 |
||
| 300 |
_avi,425p. _bPB _c27x21cm. |
||
| 365 |
_2Mathematics _a6033 _b2159.00 _c₹ _d2699.00 _e20% _f22-11-2022 |
||
| 440 |
_aSchaums outlines _963597 |
||
| 520 | _aTough Test Questions? Missed Lectures? Not Enough Time? Textbook too pricey?Fortunately, there's Schaum's. This all-in-one-package includes more than 600 fully-solved problems, examples, and practice exercises to sharpen your problem-solving skills. Plus, you will have access to 25 detailed videos featuring math instructors who explain how to solve the most commonly tested problems--it's just like having your own virtual tutor! You'll find everything you need to build confidence, skills, and knowledge for the highest score possible.More than 40 million students have trusted Schaum's to help them succeed in the classroom and on exams. Schaum's is the key to faster learning and higher grades in every subject. Each Outline presents all the essential course information in an easy-to-follow, topic-by-topic format. Helpful tables and illustrations increase your understanding of the subject at hand.Schaum’s Outline of Linear Algebra, Sixth Edition features: • Updated content to match the latest curriculum• Over 600 problems with step-by-step solutions• An accessible outline format for quick and easy review• Clear explanations for all linear algebra concepts• Access to revised S website and new app with access to 25 problem-solving videos, and more | ||
| 650 |
_aAlgebra of Matrices _963598 |
||
| 650 |
_aVector Spaces _963599 |
||
| 650 |
_aLinear Mappings _963600 |
||
| 650 |
_aOrthogonality _963601 |
||
| 700 |
_aLipschutz, Seymour _963602 |
||
| 700 |
_aLipson, Marc Lars _963679 |
||
| 942 |
_2ddc _cBK |
||
| 999 |
_c225304 _d225304 |
||